| 000 | 00817cam a2200289 4500 | ||
|---|---|---|---|
| 001 | 30438 | ||
| 003 | BD-RjUL | ||
| 005 | 20211209051549.0 | ||
| 008 | 140409t1951 enk 001 0 eng d | ||
| 035 | _a(BD-RjUL)30523 | ||
| 035 | _a(BD-RjUL)30523 | ||
| 035 | _a(NNC)1549660 | ||
| 040 |
_aDLC _cDGW _dDGW _dOCL _dBD-RjUL _beng |
||
| 041 | _aeng | ||
| 082 | 0 | 4 |
_a150.13 _bOLP 1951 |
| 100 | 1 |
_aOldfield, R. C. _q(Richard Charles), _d1909-1972. _992487 |
|
| 245 | 1 | 4 |
_aThe psychology of the interview / _cby R. C. Oldfield; with a forword by C. S. Myers. |
| 250 | _a4th ed. | ||
| 260 |
_aLondon : _bMethuen, _c1951 |
||
| 300 |
_axvi, 154 p. ; _c20 cm. |
||
| 504 | _aincludes index. | ||
| 650 | 0 |
_aInterviewing. _992488 |
|
| 942 |
_2ddc _cBK |
||
| 999 |
_c30438 _d30438 |
||